<?xml version="1.0" encoding="UTF-8"?>
<marc:record xmlns:marc="http://www.loc.gov/MARC21/slim">
   <marc:leader>00000nam a2200000 a 4500</marc:leader>
   <marc:datafield ind1="1" ind2=" " tag="100">
      <marc:subfield code="a">Barbal, Maria</marc:subfield>
      <marc:subfield code="4">aut</marc:subfield>
      <marc:subfield code="e">Verfasser/-in</marc:subfield>
   </marc:datafield>
   <marc:datafield ind1="1" ind2=" " tag="100">
      <marc:subfield code="a">Nottebaum, Heike</marc:subfield>
      <marc:subfield code="4">trl</marc:subfield>
      <marc:subfield code="e">Übersetzer/-in</marc:subfield>
   </marc:datafield>
   <marc:datafield ind1="0" ind2="0" tag="245">
      <marc:subfield code="a">Wie ein Stein im Geröll</marc:subfield>
   </marc:datafield>
   <marc:datafield ind1="0" ind2="0" tag="245">
      <marc:subfield code="b">Roman</marc:subfield>
   </marc:datafield>
   <marc:datafield ind1="0" ind2="0" tag="245">
      <marc:subfield code="c">Maria Barbal</marc:subfield>
   </marc:datafield>
   <marc:datafield ind1=" " ind2="1" tag="264">
      <marc:subfield code="a">Berlin</marc:subfield>
      <marc:subfield code="b">Transit</marc:subfield>
      <marc:subfield code="c">2007</marc:subfield>
   </marc:datafield>
   <marc:datafield ind1="1" ind2=" " tag="520">
      <marc:subfield code="a">Conxa, ein Mädchen von dreizehn Jahren, wird von ihren Eltern, armen Bauern in einem kleinen Dorf in den katalanischen Pyrenäen, zur kinderlosen Tante in ein anderes Dorf gebracht. Dort arbeitet sie im Haushalt und auf dem Feld und lernt später Jaume kennen, den sie gegen anfängliche Widerstände heiratet. Maria Barbal führt uns mit einer schnörkellosen Sprache in die fast archaisch anmutende Welt spanischer Bergdörfer, in der das Leben von ewig gültigen Traditionen geprägt scheint. Diese Welt wird brutal von der Politik überfallen, vom Bürgerkrieg zwischen Anhängern der neuen Republik und den Anhängern Francos. Der Krieg bricht auch in den Dörfern Fronten auf, zerstört das Vertraute und damit die Selbstverständlichkeit, in den alten Bahnen weiterzuleben. Conxa, inzwischen Mutter dreier Kinder, erlebt die Verhaftung ihres Mannes, wird selbst mit anderen Frauen und Kindern interniert. Später erfährt sie, daß ihr Mann erschossen wurde - und folgt schließlich ihrem Sohn nach Barcelona, eine Stadt, so neu und so fremd wie ein anderer Planet ...</marc:subfield>
   </marc:datafield>
   <marc:datafield ind1=" " ind2=" " tag="338">
      <marc:subfield code="a">Band</marc:subfield>
   </marc:datafield>
   <marc:datafield ind1=" " ind2=" " tag="300">
      <marc:subfield code="a">125</marc:subfield>
   </marc:datafield>
</marc:record>
